000 00631nam a2200193Ia 4500
005 20250508163558.0
008 008 250505s9999 xx 000 0 hin d
037 _aDissertations
040 _aFEDL
_beng
_cFEDL
041 _ahin
_2eng
084 _a370.7, GEE/DI
_qFEDL
100 _aGeeta Devi
_9552036
245 0 _aAddhyapak shiksha sansthaon mein prachalit abbhiyas shikshan ki vartman vyavastha ek tulnatmak addhyan : Delhi ke vishesh sandarbh mein
260 _c1998
300 _a101p.
546 _aM.Ed. Dissertation (Delhi University)
942 _cDIS
_h370.7, GEE/DI
999 _c1384187
_d1384187